000 00655nam a2200241Ia 4500
005 20250508162629.0
008 008 250505s9999 xx 000 0 eng d
020 _a0-582-28246-2
037 _aTextual
040 _aFEDL
_beng
_cFEDL
041 _aeng
_2eng
084 _a001.4, BOR
_qFEDL
100 _aBorg Walter R
_991119
245 0 _aEducational research: An introducation
250 _a4
260 _aNew York, USA
_bLongman
_c1983
300 _axxv, 936p.
365 _aGBP
_b27
650 _aEducational Research
700 _a Gall Meredith Damien
_9773632
942 _cTEXL
_h001.4, BOR
999 _c1377726
_d1377726